000 00719nam a2200193Ia 4500
003 OSt
005 20260623093129.0
008 210210b2003 xxu||||| |||| 00| 0 eng d
040 _cAL
041 _aSanskrit/Kannada
082 _aS491.3 VISS
100 _aVISHVESHWARA SHARMA.
_9151617
_dವಿಶ್ವೇಶ್ವರ ಶರ್ಮ
245 _aSamskrata karnata shabdasantulana. Dvitiya bhaga, dvitiya khanda.
_bಸಂಸ್ಕೃತ ಕರ್ಣಾಟ ಶಬ್ದಸಂತುಲನ. ದ್ವಿತೀಯ ಭಾಗ, ದ್ವಿತೀಯ ಖಂಡ.
260 _aBarkuru
_bArshajyoti granta prakashana
_c2003
300 _a571
690 _aSanskrit Dictionaries
_9151618
906 _a058994
942 _2ddc
_cBK
999 _c106306
_d106306